000 00418nam a2200157 i 4500
001 44765
003 ES-MaACL
005 20230906161106.0
007 t|
008 030324s1946 uy ||||1| spa d
100 1 _aClarc, Dardo E.
_939005
245 1 0 _aSofanor Mairena /
_cE. Dardo Clarc.
260 _aDurazno (Uruguay) :
_bEl Progreso,
_c1946.
300 _a224 p. ;
_c20 cm.
852 _aES-MaACL
_jC-4133
_bR.23148
999 _c44765
_d44765